[Event "Valencia Vladio Memorial 10th"]
[Site "Valencia"]
[Date "2022.08.14"]
[Round "7"]
[White "Campos Cabello, Gustavo"]
[Black "Briceno Quinones, Ruben Dario"]
[Result "0-1"]
[WhiteElo "1677"]
[BlackElo "2160"]
[PlyCount "96"]
[EventDate "2022.08.12"]
[EventType "swiss"]
[EventRounds "9"]
[EventCountry "VEN"]
[SourceTitle "EXT 2023"]
[Source "ChessBase"]
[SourceDate "2022.10.05"]
[SourceVersion "1"]
[SourceVersionDate "2022.10.05"]
[SourceQuality "1"]

1. d4 Nf6 2. Bf4 c5 3. d5 Qb6 4. Bc1 d6 5. Nc3 g6 6. e4 Bg7 7. Bb5+ Nfd7 8. a4 0-0 9. Nge2 Na6 10. a5 Qd8 11. Bxa6 bxa6 12. 0-0 Rb8 13. f4 Rb4 14. Qd3 Nf6 15. f5 Ng4 16. Rf4 h5 17. h3 Ne5 18. Qg3 e6 19. fxe6 fxe6 20. Rxf8+ Qxf8 21. Nf4 Qf7 22. dxe6 Bxe6 23. Be3 Nc4 24. Nfd5 Nxe3 25. Nxe3 Be5 26. Qf2 Qxf2+ 27. Kxf2 Rxb2 28. Ncd1 Rb4 29. c3 Rxe4 30. Kf3 Rf4+ 31. Ke2 d5 32. Rb1 Rf7 33. Nf2 Re7 34. Nd3 Bd6 35. Rf1 Bf7 36. Kd2 Kg7 37. g4 hxg4 38. Nxg4 c4 39. Nf4 d4 40. cxd4 Re4 41. Ne2 Bb4+ 42. Kd1 c3 43. Ne5 Bb3+ 44. Ke1 Re3 45. Kf2 Rxh3 46. Nxg6 Rh2+ 47. Ke3 Rxe2+ 48. Kxe2 Bc4+ 0-1

[Event "Valencia Vladio Memorial 10th"]
[Site "Valencia"]
[Date "2022.08.13"]
[Round "6"]
[White "Briceno Quinones, Ruben Dario"]
[Black "Sivira Velasquez, Julio Cesar"]
[Result "1/2-1/2"]
[WhiteElo "2160"]
[BlackElo "1924"]
[PlyCount "126"]
[EventDate "2022.08.12"]
[EventType "swiss"]
[EventRounds "9"]
[EventCountry "VEN"]
[SourceTitle "EXT 2023"]
[Source "ChessBase"]
[SourceDate "2022.10.05"]
[SourceVersion "1"]
[SourceVersionDate "2022.10.05"]
[SourceQuality "1"]

1. e4 d6 2. d4 Nf6 3. Nc3 g6 4. Be3 Bg7 5. Qd2 Nc6 6. f3 e5 7. d5 Ne7 8. 0-0-0 h5 9. h3 a6 10. f4 exf4 11. Bxf4 Nd7 12. Nf3 f6 13. Nd4 Ne5 14. Be2 g5 15. Be3 Bd7 16. Rdf1 Qc8 17. Kb1 Rb8 18. Rf2 b5 19. Bxg5 fxg5 20. Qxg5 N5g6 21. Nf5 Bxf5 22. exf5 Bh6 23. Qg3 Bf4 24. Rxf4 Nxf4 25. f6 Nxe2 26. Qg7 Qd8 27. Nxe2 Rf8 28. Nd4 Rf7 29. Qh8+ Kd7 30. Qxd8+ Rxd8 31. fxe7 Rxe7 32. Nc6 Re2 33. Nxd8 Kxd8 34. g4 Re5 35. c4 bxc4 36. Rg1 Rxd5 37. Kc2 Rg5 38. Kc3 d5 39. Kd4 c6 40. Ke3 hxg4 41. Kf4 Rg7 42. hxg4 Ke7 43. g5 Rg6 44. Kf5 Kf7 45. Ke5 Re6+ 46. Kd4 Kg6 47. Rg2 Re4+ 48. Kc5 Re6 49. a4 a5 50. Kb6 Re4 51. Kxc6 Rd4 52. Kb5 Rd3 53. Kxa5 Rb3 54. Ka6 d4 55. Rg4 c3 56. bxc3 dxc3 57. a5 c2 58. Rc4 Rb2 59. Rc5 Kh5 60. Ka7 Kg6 61. a6 Kh5 62. Ka8 Kg6 63. a7 Kh5 1/2-1/2

[Event "Valencia Vladio Memorial 10th"]
[Site "Valencia"]
[Date "2022.08.13"]
[Round "5"]
[White "Hernandez Camacho, Aaron Jared"]
[Black "Briceno Quinones, Ruben Dario"]
[Result "0-1"]
[WhiteElo "1200"]
[BlackElo "2160"]
[PlyCount "25"]
[EventDate "2022.08.12"]
[EventType "swiss"]
[EventRounds "9"]
[EventCountry "VEN"]
[SourceTitle "EXT 2023"]
[Source "ChessBase"]
[SourceDate "2022.10.05"]
[SourceVersion "1"]
[SourceVersionDate "2022.10.05"]
[SourceQuality "1"]

1. Nf3 Nf6 2. g3 d5 3. Bg2 c5 4. 0-0 Bf5 5. d4 e6 6. e3 Nc6 7. Nc3 Be7 8. Ne5 h6 9. Nxc6 bxc6 10. Ne2 0-0 11. dxc5 e5 12. b4 Re8 13. Bb2 0-1

[Event "Valencia Vladio Memorial 10th"]
[Site "Valencia"]
[Date "2022.08.12"]
[Round "2"]
[White "Bello, Jose"]
[Black "Briceno Quinones, Ruben Dario"]
[Result "1-0"]
[WhiteElo "1856"]
[BlackElo "2160"]
[PlyCount "55"]
[EventDate "2022.08.12"]
[EventType "swiss"]
[EventRounds "9"]
[EventCountry "VEN"]
[SourceTitle "EXT 2023"]
[Source "ChessBase"]
[SourceDate "2022.10.05"]
[SourceVersion "1"]
[SourceVersionDate "2022.10.05"]
[SourceQuality "1"]

1. e4 c6 2. d4 g6 3. Nc3 Bg7 4. Be3 d5 5. Qd2 a6 6. 0-0-0 b5 7. f3 Be6 8. h4 h5 9. Bd3 Nd7 10. Nh3 Bxh3 11. Rxh3 e6 12. Kb1 Nb6 13. Bg5 Qd7 14. Ne2 Nc4 15. Bxc4 bxc4 16. Qa5 Rb8 17. Bf4 Rb7 18. Nc3 Nf6 19. Na4 0-0 20. Nc5 Qc8 21. Nxb7 Qxb7 22. Bd6 Rc8 23. e5 Nd7 24. f4 c5 25. dxc5 f6 26. Ra3 Rc6 27. Qd8+ Kh7 28. Qe7 1-0

[Event "Valencia Carabobo Prel de Maxima+"]
[Site "Valencia"]
[Date "2021.10.22"]
[Round "2"]
[White "Briceno Quinones, Ruben Dario"]
[Black "Mejias Veliz, Erick Jose"]
[Result "1-0"]
[WhiteElo "2167"]
[BlackElo "1966"]
[PlyCount "69"]
[EventDate "2021.10.22"]
[EventType "tourn"]
[EventRounds "7"]
[EventCountry "VEN"]
[SourceTitle "EXT 2023"]
[Source "ChessBase"]
[SourceDate "2022.10.05"]
[SourceVersion "1"]
[SourceVersionDate "2022.10.05"]
[SourceQuality "1"]

1. e4 e5 2. Nf3 Nc6 3. Bc4 Bc5 4. c3 Nf6 5. d3 d6 6. Nbd2 0-0 7. 0-0 a6 8. Bb3 Be6 9. Bxe6 fxe6 10. Nc4 b5 11. Ne3 Bb6 12. a4 Qd7 13. axb5 axb5 14. Rxa8 Rxa8 15. g3 Ne7 16. Qe2 Ng6 17. Ng2 Rf8 18. Ngh4 Nxh4 19. Nxh4 d5 20. Nf3 dxe4 21. dxe4 Qc6 22. Nxe5 Qxe4 23. Re1 Qf5 24. Kg2 Nd5 25. f3 Re8 26. Qxb5 Nf6 27. Qd3 Qh5 28. h4 Nd5 29. Qe4 Ne7 30. Qg4 Qf5 31. Qe4 Rd8 32. Nc4 Qxe4 33. Rxe4 Rd1 34. Bg5 Rg1+ 35. Kh2 1-0

[Event "Valencia Imdenagua CC op"]
[Site "Valencia"]
[Date "2020.01.25"]
[Round "2"]
[White "Briceno Quinones, Ruben Dario"]
[Black "Sanchez Cano, Eagle"]
[Result "1-0"]
[WhiteElo "2117"]
[BlackElo "1962"]
[PlyCount "67"]
[EventDate "2020.01.25"]
[EventType "swiss"]
[EventRounds "6"]
[EventCountry "VEN"]
[SourceTitle "EXT 2021"]
[Source "ChessBase"]
[SourceDate "2020.10.23"]
[SourceVersion "1"]
[SourceVersionDate "2020.10.23"]
[SourceQuality "1"]

1. e4 e5 2. Nf3 Nc6 3. Bb5 Bc5 4. Nc3 Nf6 5. 0-0 0-0 6. Bxc6 dxc6 7. Nxe5 Re8 8. Nf3 Nxe4 9. Nxe4 Rxe4 10. d3 Re8 11. d4 Bf8 12. h3 g6 13. Bg5 Qd5 14. Bf6 Bg7 15. Bxg7 Kxg7 16. c3 Bf5 17. Nh4 Re4 18. Nxf5+ Qxf5 19. Qd2 Rae8 20. Rae1 h5 21. f3 Rxe1 22. Rxe1 Rxe1+ 23. Qxe1 h4 24. Qe4 Qg5 25. f4 Qg3 26. Qe5+ Kh7 27. Qxc7 Qe1+ 28. Kh2 Qe3 29. Qxf7+ Kh6 30. Qf6 Qg3+ 31. Kg1 Qe3+ 32. Kh1 Qe1+ 33. Kh2 Qg3+ 34. Kh1 1-0

[Event "Santos Inocentes op"]
[Site "Valencia"]
[Date "2019.12.30"]
[Round "6"]
[White "Briceno Quinones, Ruben Dario"]
[Black "Blanco da Silva, Anthony Robinson"]
[Result "1-0"]
[WhiteElo "2117"]
[BlackElo "1873"]
[PlyCount "53"]
[EventDate "2019.12.28"]
[EventType "swiss"]
[EventRounds "6"]
[EventCountry "VEN"]
[SourceTitle "EXT 2021"]
[Source "ChessBase"]
[SourceDate "2020.10.23"]
[SourceVersion "1"]
[SourceVersionDate "2020.10.23"]
[SourceQuality "1"]

1. e4 e5 2. Nf3 Nc6 3. Bc4 Bc5 4. c3 Nf6 5. d3 d6 6. 0-0 a6 7. a4 Ba7 8. Re1 Ng4 9. Re2 Qf6 10. Nbd2 g5 11. d4 Rg8 12. Nf1 Be6 13. d5 Na5 14. Ba2 Bxf2+ 15. Rxf2 Nxf2 16. Kxf2 g4 17. dxe6 fxe6 18. Ng3 Rf8 19. Kg1 gxf3 20. Qxf3 Qxf3 21. gxf3 Rxf3 22. Bxe6 Ke7 23. Bg4 Rff8 24. Bg5+ Kf7 25. Bh5+ Ke6 26. b4 Nc6 27. Nf5 1-0

[Event "Santos Inocentes op"]
[Site "Valencia"]
[Date "2019.12.28"]
[Round "2"]
[White "Briceno Quinones, Ruben Dario"]
[Black "Lopez Tovar, Hely Saul"]
[Result "1-0"]
[WhiteElo "2117"]
[BlackElo "1793"]
[PlyCount "67"]
[EventDate "2019.12.28"]
[EventType "swiss"]
[EventRounds "6"]
[EventCountry "VEN"]
[SourceTitle "EXT 2021"]
[Source "ChessBase"]
[SourceDate "2020.10.23"]
[SourceVersion "1"]
[SourceVersionDate "2020.10.23"]
[SourceQuality "1"]

1. e4 e6 2. d4 d5 3. Nd2 c5 4. Ngf3 Nf6 5. e5 Nfd7 6. c3 Nc6 7. Bd3 f6 8. Ng5 fxg5 9. Qh5+ Ke7 10. Nf3 h6 11. Nxg5 Ndxe5 12. dxe5 Nxe5 13. Bc2 Qe8 14. Qe2 Nc6 15. Nf3 Bd7 16. Bf4 g5 17. Bg3 Bg7 18. 0-0-0 Kd8 19. Kb1 a6 20. h4 g4 21. Ne5 Nxe5 22. Bxe5 Qf7 23. Bd6 Bf8 24. Bg3 h5 25. Qe5 Rg8 26. Qc7+ Ke8 27. Qxb7 Rc8 28. Rhe1 a5 29. Rxd5 Bg7 30. Rxd7 Qxd7 31. Ba4 Qxa4 32. Qxc8+ Ke7 33. Qxe6+ Kd8 34. Qb6+ 1-0

[Event "Valencia Acadar U2200 1st"]
[Site "Valencia"]
[Date "2019.04.07"]
[Round "4.2"]
[White "Briceno Quinones, Ruben Dario"]
[Black "Hernandez, Leonardo"]
[Result "1-0"]
[WhiteElo "2128"]
[BlackElo "2135"]
[PlyCount "106"]
[EventDate "2019.04.06"]
[EventType "swiss"]
[EventRounds "7"]
[EventCountry "VEN"]
[SourceTitle "EXT 2022"]
[Source "ChessBase"]
[SourceDate "2021.10.06"]
[SourceVersion "1"]
[SourceVersionDate "2021.10.06"]
[SourceQuality "1"]

1. d4 d5 2. c4 e6 3. Nc3 Nf6 4. Bg5 Be7 5. c5 b6 6. b4 Ne4 7. Bxe7 Qxe7 8. Qc2 f5 9. Rb1 Ba6 10. c6 Nxc3 11. Qxc3 Bb5 12. e3 Bxc6 13. Nf3 0-0 14. Ne5 Qd6 15. Bd3 a5 16. a3 Bb7 17. b5 Rd8 18. 0-0 g6 19. Rfc1 Rc8 20. Rb2 Qd8 21. Rbc2 c5 22. bxc6 Nxc6 23. Qb2 Nxe5 24. dxe5 Rxc2 25. Rxc2 Rc8 26. Rd2 Bc6 27. g3 Be8 28. Qd4 Rc5 29. Rb2 Qc7 30. Kg2 b5 31. Rb3 g5 32. Rb1 h6 33. h3 Kg7 34. Rb3 Qe7 35. Rb1 Qc7 36. Be2 h5 37. Bf1 Kf8 38. Be2 Ke7 39. Bd3 Kd8 40. Be2 g4 41. hxg4 fxg4 42. Rb2 Bg6 43. Qf4 Be8 44. Qf6+ Qe7 45. Qf4 Bd7 46. Bd3 Kc7 47. Rb3 Rc4 48. Bxc4 dxc4 49. Rc3 Bc6+ 50. e4 Qc5 51. Qg5 Qd4 52. Qc1 Qxe4+ 53. Kf1 Bd5 1-0

[Event "Valencia Acadar U2200 1st"]
[Site "Valencia"]
[Date "2019.04.06"]
[Round "3.2"]
[White "Blanco Da Silva, Cristofer R"]
[Black "Briceno Quinones, Ruben Dario"]
[Result "1/2-1/2"]
[WhiteElo "2043"]
[BlackElo "2128"]
[PlyCount "45"]
[EventDate "2019.04.06"]
[EventType "swiss"]
[EventRounds "7"]
[EventCountry "VEN"]
[SourceTitle "EXT 2022"]
[Source "ChessBase"]
[SourceDate "2021.10.06"]
[SourceVersion "1"]
[SourceVersionDate "2021.10.06"]
[SourceQuality "1"]

1. e4 c5 2. Nf3 g6 3. c3 Bg7 4. d3 d5 5. Nbd2 Nc6 6. g3 Qc7 7. Bg2 Nf6 8. 0-0 b6 9. Re1 dxe4 10. dxe4 e5 11. Qc2 Be6 12. Nf1 h6 13. Ne3 0-0 14. b3 Rad8 15. Bb2 Qd7 16. Rad1 Qb7 17. c4 Qb8 18. Qc1 Rxd1 19. Rxd1 Nxe4 20. Nxe5 Nxg3 21. hxg3 Nxe5 22. Qa1 f6 23. f4 1/2-1/2

[Event "Valencia Acadar op 2nd"]
[Site "Valencia"]
[Date "2019.02.16"]
[Round "2"]
[White "Briceno Quinones, Ruben Dario"]
[Black "Bolivar Sanchez, Moises Gabriel"]
[Result "1-0"]
[WhiteElo "2123"]
[BlackElo "1642"]
[PlyCount "76"]
[EventDate "2019.02.16"]
[EventType "swiss"]
[EventRounds "5"]
[EventCountry "VEN"]
[SourceTitle "EXT 2020"]
[Source "ChessBase"]
[SourceDate "2019.10.17"]
[SourceVersion "1"]
[SourceVersionDate "2019.10.17"]
[SourceQuality "1"]

1. e4 c5 2. Nf3 d6 3. d4 cxd4 4. Nxd4 g6 5. Nc3 Bg7 6. f4 Nc6 7. Nxc6 bxc6 8. Bc4 Nf6 9. 0-0 0-0 10. h3 Rb8 11. Qe2 Qc7 12. Bd3 e5 13. fxe5 dxe5 14. g4 Be6 15. b3 Rfd8 16. Bg5 Qd6 17. Qe3 Bd7 18. Na4 h6 19. Bh4 g5 20. Bg3 Rb7 21. Nc5 Rc7 22. Bc4 Bc8 23. Rad1 Qxd1 24. Rxd1 Rxd1+ 25. Kg2 Ne8 26. Be2 Rd4 27. c3 Rd8 28. a4 Nd6 29. Kf2 Nb7 30. Kf3 Na5 31. b4 Nb7 32. Nxb7 Bxb7 33. Qxa7 Bc8 34. Qe3 Rcd7 35. Kf2 Rd2 36. Kf3 Ra2 37. Bc4 Rdd2 38. Bxa2 Rxa2 1-0

[Event "Carabobo Acadar Cup"]
[Site "Carabobo"]
[Date "2019.01.08"]
[Round "14"]
[White "Blanco Da Silva, Cristofer R"]
[Black "Briceno Quinones, Ruben Dario"]
[Result "1/2-1/2"]
[WhiteElo "2017"]
[BlackElo "2097"]
[PlyCount "56"]
[EventDate "2019.01.04"]
[EventType "tourn"]
[EventRounds "14"]
[EventCountry "VEN"]
[SourceTitle "CBM 188 Extra"]
[Source "ChessBase"]
[SourceDate "2019.02.26"]
[SourceVersion "1"]
[SourceVersionDate "2019.02.26"]
[SourceQuality "1"]

1. e4 c5 2. Nf3 d6 3. Bb5+ Bd7 4. Bxd7+ Qxd7 5. 0-0 Nc6 6. c3 g6 7. d4 cxd4 8. cxd4 Nf6 9. Nc3 Bg7 10. Qa4 0-0 11. Re1 a6 12. e5 dxe5 13. dxe5 Nd5 14. Nxd5 Qxd5 15. Bf4 b5 16. Qe4 Qxe4 17. Rxe4 Rfd8 18. h3 Rac8 19. a4 bxa4 20. Rexa4 a5 21. Rc4 Nxe5 22. Nxe5 Rxc4 23. Nxc4 Rd4 24. Be5 Rxc4 25. Rxa5 Bxe5 26. Rxe5 Rc1+ 27. Kh2 Rc2 28. Kg3 Rxb2 1/2-1/2

[Event "Carabobo Acadar Cup"]
[Site "Carabobo"]
[Date "2019.01.08"]
[Round "13"]
[White "Briceno Quinones, Ruben Dario"]
[Black "Eman Sardinas, Juan Enrique"]
[Result "1-0"]
[WhiteElo "2097"]
[BlackElo "2090"]
[PlyCount "51"]
[EventDate "2019.01.04"]
[EventType "tourn"]
[EventRounds "14"]
[EventCountry "VEN"]
[SourceTitle "CBM 188 Extra"]
[Source "ChessBase"]
[SourceDate "2019.02.26"]
[SourceVersion "1"]
[SourceVersionDate "2019.02.26"]
[SourceQuality "1"]

1. e4 c5 2. Nc3 d6 3. f4 Nc6 4. Bb5 Bd7 5. Nf3 Nd4 6. a4 g6 7. d3 Bg7 8. 0-0 Nh6 9. h3 0-0 10. Bxd7 Qxd7 11. Nb5 Nxf3+ 12. Qxf3 f5 13. Nc3 Rae8 14. Bd2 e6 15. Rae1 Nf7 16. exf5 gxf5 17. g4 Nh6 18. g5 Nf7 19. h4 d5 20. h5 d4 21. Ne2 e5 22. Ng3 exf4 23. Bxf4 Ne5 24. Bxe5 Bxe5 25. Nxf5 Qxa4 26. Qd5+ 1-0

[Event "Carabobo Acadar Cup"]
[Site "Carabobo"]
[Date "2019.01.08"]
[Round "12"]
[White "Guidi Garcia, Walrlinrey Yulian"]
[Black "Briceno Quinones, Ruben Dario"]
[Result "0-1"]
[WhiteElo "2090"]
[BlackElo "2097"]
[PlyCount "76"]
[EventDate "2019.01.04"]
[EventType "tourn"]
[EventRounds "14"]
[EventCountry "VEN"]
[SourceTitle "CBM 188 Extra"]
[Source "ChessBase"]
[SourceDate "2019.02.26"]
[SourceVersion "1"]
[SourceVersionDate "2019.02.26"]
[SourceQuality "1"]

1. e4 c5 2. Nf3 d6 3. d4 cxd4 4. Nxd4 Nf6 5. Nc3 g6 6. Be3 Bg7 7. Be2 0-0 8. f3 Nc6 9. Qd2 d5 10. Nxc6 bxc6 11. e5 Nd7 12. f4 Qc7 13. 0-0 Rb8 14. Rab1 Nb6 15. Bc5 Rd8 16. Qe3 f6 17. e6 f5 18. Rfd1 Rd6 19. Bxd6 Qxd6 20. b3 Bxe6 21. Na4 Nd7 22. c4 Kf7 23. cxd5 cxd5 24. Rbc1 Rb4 25. Nc5 Nxc5 26. Qxc5 Qxf4 27. Kh1 Be5 28. Qg1 Bd6 29. Bf3 d4 30. Rd3 Be5 31. Re1 Bf6 32. g3 Qd6 33. Qg2 Bd7 34. a3 Rb5 35. b4 a5 36. bxa5 Rxa5 37. Qd2 Rxa3 38. Rxa3 Qxa3 0-1

[Event "Valencia"]
[Site "Valencia"]
[Date "2018.04.30"]
[Round "7"]
[White "Oropeza, David"]
[Black "Briceno Quinones, Ruben Dario"]
[Result "0-1"]
[WhiteElo "1943"]
[BlackElo "2098"]
[PlyCount "130"]
[EventDate "2018.05.27"]
[EventType "tourn"]
[EventRounds "11"]
[EventCountry "VEN"]
[SourceTitle "EXT 2019"]
[Source "ChessBase"]
[SourceDate "2018.10.10"]
[SourceVersion "1"]
[SourceVersionDate "2018.10.10"]
[SourceQuality "1"]

1. e4 c5 2. Nf3 d6 3. d4 cxd4 4. Nxd4 Nf6 5. Bd3 g6 6. Qe2 Bg7 7. 0-0 0-0 8. Kh1 Nc6 9. c3 Bd7 10. Bg5 h6 11. Bh4 Nxd4 12. cxd4 Qb6 13. Nc3 Qxd4 14. Rac1 Rac8 15. f4 Bg4 16. Qd2 Qb4 17. f5 g5 18. Bg3 d5 19. e5 Nh5 20. a3 Qa5 21. Rce1 Nxg3+ 22. hxg3 Rfd8 23. f6 exf6 24. exf6 d4 25. Bb1 Bh5 26. Ne4 Qxd2 27. Nxd2 Bh8 28. Bf5 Rc5 29. b4 Rc7 30. Nb3 d3 31. g4 Bg6 32. Bxg6 fxg6 33. Nc5 Rf7 34. Rd1 Bxf6 35. Nxb7 Rxb7 36. Rxf6 d2 37. Rf2 Rbd7 38. a4 Rd4 39. b5 R8d5 40. Kh2 h5 41. gxh5 gxh5 42. a5 Rxb5 43. Rfxd2 Rxd2 44. Rxd2 Rxa5 45. Rd7 a6 46. Ra7 h4 47. Rc7 g4 48. Rc4 Rg5 49. Rc8+ Kh7 50. Rc1 a5 51. Ra1 Kg6 52. Kg1 g3 53. Kf1 Rf5+ 54. Kg1 Kf6 55. Rd1 a4 56. Ra1 Rf4 57. Ra3 Ke5 58. Ra1 Kf5 59. Rc1 Rb4 60. Kf1 a3 61. Rc5+ Kf4 62. Ra5 Rb1+ 63. Ke2 Rb2+ 64. Kd3 a2 65. Kc3 Rxg2 0-1

[Event "San Juan Bello Memorial U2200 2nd"]
[Site "San Juan de Los Morros"]
[Date "2016.09.17"]
[Round "3.7"]
[White "Briceno Quinones, Ruben Dario"]
[Black "Betancourt, Jose"]
[Result "1-0"]
[WhiteElo "2117"]
[BlackElo "1976"]
[PlyCount "70"]
[EventDate "2016.09.17"]
[EventType "swiss"]
[EventRounds "5"]
[EventCountry "VEN"]
[SourceTitle "EXT 2022"]
[Source "ChessBase"]
[SourceDate "2021.10.06"]
[SourceVersion "1"]
[SourceVersionDate "2021.10.06"]
[SourceQuality "1"]

1. d4 Nf6 2. c4 e6 3. Nf3 d5 4. Nc3 Be7 5. Bf4 0-0 6. e3 b6 7. Bd3 Bb7 8. 0-0 Nbd7 9. Rc1 a6 10. cxd5 exd5 11. Ne5 Nxe5 12. dxe5 Ne4 13. Qc2 f5 14. exf6 Nxf6 15. Rfd1 c5 16. Ne2 Kh8 17. Bf5 Bd6 18. Bg3 Bxg3 19. Nxg3 Qe7 20. Rd2 Rad8 21. Qd1 g6 22. Bh3 h5 23. Qc2 h4 24. Ne2 Ne4 25. Nf4 Rxf4 26. exf4 Nxd2 27. Qxd2 Re8 28. Bg4 d4 29. h3 Kg7 30. b4 Bd5 31. a4 Qb7 32. f5 Rf8 33. bxc5 Bxg2 34. Qxd4+ Kg8 35. cxb6 Bh1 1-0

[Event "VEN-ch qual 2nd Cojedes"]
[Site "San Carlos"]
[Date "2014.08.17"]
[Round "7"]
[White "Briceno Quinones, Ruben Dario"]
[Black "Marin Ramirez, Gerardo"]
[Result "0-1"]
[WhiteElo "2037"]
[BlackElo "2166"]
[PlyCount "90"]
[EventDate "2014.08.14"]
[EventType "swiss"]
[EventRounds "7"]
[EventCountry "VEN"]
[SourceTitle "EXT 2018"]
[Source "ChessBase"]
[SourceDate "2017.10.13"]
[SourceVersion "1"]
[SourceVersionDate "2017.10.13"]
[SourceQuality "1"]

1. d4 Nf6 2. Nf3 e6 3. Bf4 c5 4. e3 Qb6 5. Qc1 Nc6 6. c3 d5 7. h3 Bd7 8. Nbd2 Rc8 9. Be2 Be7 10. 0-0 Ne4 11. Qb1 f5 12. Nxe4 fxe4 13. Ne5 Nxe5 14. Bxe5 0-0 15. f3 exf3 16. gxf3 Bb5 17. Bxb5 Qxb5 18. Qc2 Rf5 19. f4 Bf6 20. Bxf6 Rxf6 21. Rf2 Qe8 22. Kh2 cxd4 23. exd4 Qh5 24. Qd3 Rcf8 25. Raf1 Kh8 26. Qg3 Qf7 27. Re1 h6 28. Ref1 g5 29. Qe3 gxf4 30. Qe5 Kh7 31. Rg1 Rf5 32. Qd6 Rg8 33. Rxg8 Kxg8 34. Qd8+ Kh7 35. Qh4 f3 36. Qg3 Rf4 37. Kg1 Qf5 38. Kh2 h5 39. Qg1 h4 40. Qf1 a6 41. Qd1 Qe4 42. Kg1 Qg6+ 43. Kh1 Qg3 44. Qf1 Kh6 45. b3 b5 0-1